|
|
|
|
| LEADER |
01476cas a2200325 4500 |
| 001 |
00020926 |
| 003 |
BD-DhAAL |
| 008 |
101027s1985 bg w 000 0 eng d |
| 040 |
|
|
|a BD-DhAAL
|c BD-DhAAL
|d BD-DhAAL
|
| 082 |
0 |
0 |
|a 348.5492046
|2 21
|
| 130 |
0 |
|
|a DLR
|
| 222 |
|
0 |
|a The Dhaka Law Reports
|
| 245 |
0 |
4 |
|a The Dhaka Law Reports :
|b a monthly law journal.
|n Volume XXXVII /
|c editor, Obaidul Haque Chowdhury.
|
| 246 |
1 |
7 |
|a The Dhaka Law Reports.
|
| 260 |
|
|
|a Dhaka :
|b Dhaka Law Reports,
|c 1985.
|
| 300 |
|
|
|a various pagings ;
|c 25 cm
|
| 362 |
0 |
|
|a Vol. 37 (1985)
|
| 500 |
|
|
|a Table of cases of the Appellate Devision of the Supreme Court of Bangladesh.
|
| 500 |
|
|
|a "A journal of law reports."
|
| 500 |
|
|
|a Latest issue consulted: Vol.XXXVII,January to December,1985
|
| 526 |
|
|
|a SOL
|x Saira Rahman Khan,
Associate Professor
School of Law
BRAC University
|
| 541 |
|
|
|e 00020926
|a Anupam Gyan Bhandar
|
| 590 |
|
|
|a Published yearly.
|
| 650 |
|
0 |
|a Law reports, digests, etc.
|z Bangladesh.
|
| 650 |
|
0 |
|a Law reports, digests, etc.
|z India
|z Bengal.
|
| 700 |
|
|
|a Chowdhury, Obaidul Haque.
|9 1137
|
| 852 |
4 |
|
|a Ayesha Abed Library
|c Reference Section
|
| 942 |
|
|
|2 ddc
|c BK
|
| 999 |
|
|
|c 9902
|d 9902
|
| 952 |
|
|
|0 0
|1 0
|2 ddc
|4 0
|6 348_549204600000000_DHA_1985
|7 0
|9 12811
|a BRACUL
|b BRACUL
|c REF
|d 2010-10-28
|e Anupam Gyan Bhandar
|l 8
|o 348.5492046 DHA
|p 3010020926
|r 2012-11-20
|s 2012-11-20
|t 1
|w 2010-10-28
|y 1HOUR
|x Requisitioned by Saira Rahman Khan, Associate Professor, School of Law, BRAC University.
|